Famous Volcanoes - Statistics

General Stats
  • This quiz has been taken 18 times
  • The average score is 14 of 26
Answer Stats
Clue Volcano % Correct
Europe's most active volcano Mount Etna
100%
Highest point in Japan Mount Fuji
100%
Highest point in Africa Mount Kilimanjaro
94%
Buried the city of Pompeii under thick ash, leaving it frozen in time Mount Vesuvius
94%
Tallest mountain from base to peak (its base is in the ocean) Mauna Kea
75%
Noah's Ark supposedly landed here Mount Ararat
75%
Caused the largest landslide in recorded history in 1980 Mount St. Helens
75%
Looms over Seattle's skyline Mount Rainier
69%
Its massive caldera is the center of the world's first national park Yellowstone
69%
Created the loudest sound in history in 1883, measuring 310 dB Krakatoa
63%
Highest point in Europe Mount Elbrus
63%
Second highest point in Africa Mount Kenya
63%
"Lighthouse of the Mediterranean" Stromboli
63%
Due to the Earth's equatorial bulge, the summit of this volcano is the farthest point from its center Chimborazo
50%
Most active Hawaiian volcano Kilauea
50%
Erupted in 1991 on Luzon Mount Pinatubo
38%
"Year Without a Summer" cause Mount Tambora
38%
Southernmost active volcano on Earth Mount Erebus
31%
Created an ash cloud in 2010 that disrupted European air travel (just type the first 4 letters) Eyjafjallajökull
25%
Can be seen on the mainland of Africa from Malabo, Equatorial Guinea Mount Cameroon
25%
Devastated Martinique in 1902 Mount Pelée
25%
Killed 23,000 in Armero, Colombia Nevado del Ruiz
19%
Located north of Goma, DRC Nyiragongo
19%
Highest volcano above sea level Ojos del Salado
19%
Highest point in the Azores Mount Pico
6%
Highest point in Mexico Pico de Orizaba
6%
No matching quizzes found
Score Distribution
Percent of People with Each Score
Percentile by Number Answered
Your Score History
You have not taken this quiz